000 01551cam a2200361 a 4500
001 15378078
005 20080930173657.0
008 080723s2009 njua 001 0 eng
010 _a 2008032371
015 _aGBA893182
_2bnb
016 7 _a014679665
_2Uk
020 _a0131358383
020 _a9780131358386
035 _a(OCoLC)ocn227928481
035 _a(OCoLC)227928481
040 _aDLC
_cDLC
_dBTCTA
_dUKM
_dBAKER
_dC#P
_dYDXCP
_dBWX
_dDLC
050 0 0 _aTK5105.5
_b.B39 2009
082 0 0 _a004.6
_222
_bBEA
100 1 _aBeasley, Jeffrey S.,
_d1955-
_93616
245 1 0 _aNetworking /
_cJeffrey S. Beasley.
250 _a2nd ed.
260 _aUpper Saddle River, NJ :
_bPrentice Hall,
_cc2009.
300 _axxiv, 693 p. :
_bill. ;
_c27 cm. +
_e1 CD-ROM (4 3/4 in.)
500 _aIncludes index.
650 0 _aComputer networks
_xDesign and construction.
_93617
650 0 _aTCP/IP (Computer network protocol)
_93618
650 0 _aInternetworking (Telecommunication)
_93619
653 _bCS
942 _2ddc
_cBB
999 _c11288
_d11288